[Event "Leipzig VfB op 16th"]
[Site "Leipzig"]
[Date "2009.04.02"]
[Round "5"]
[White "Nosek, Reinhard"]
[Black "Zulauff, Harri"]
[Result "1-0"]
[WhiteElo "1927"]
[BlackElo "1476"]
[PlyCount "33"]
[EventDate "2009.03.31"]
[EventType "swiss"]
[EventRounds "9"]
[EventCountry "GER"]
[SourceTitle "EXT 2010"]
[Source "ChessBase"]
[SourceDate "2010.11.25"]
[SourceVersion "1"]
[SourceVersionDate "2010.11.25"]
[SourceQuality "1"]

1. d4 e6 2. Nf3 Nf6 3. Bg5 Be7 4. Nbd2 d5 5. e3 0-0 6. Bd3 h6 7. Bf4 Nbd7 8. g4 Nh7 9. h4 f6 10. g5 fxg5 11. Bxh7+ Kxh7 12. hxg5 Kg8 13. gxh6 Rxf4 14. exf4 g6 15. Qe2 Kh7 16. Qxe6 Nf6 17. Qf7+ 1-0

[Event "Leipzig VfB op 16th"]
[Site "Leipzig"]
[Date "2009.04.01"]
[Round "2"]
[White "Zulauff, Harri"]
[Black "Fischbach, Rainer"]
[Result "0-1"]
[WhiteElo "1476"]
[BlackElo "1873"]
[PlyCount "70"]
[EventDate "2009.03.31"]
[EventType "swiss"]
[EventRounds "9"]
[EventCountry "GER"]
[SourceTitle "EXT 2010"]
[Source "ChessBase"]
[SourceDate "2010.11.25"]
[SourceVersion "1"]
[SourceVersionDate "2010.11.25"]
[SourceQuality "1"]

1. f4 d5 2. Nf3 c5 3. e3 Nc6 4. Be2 Nf6 5. b3 Bg4 6. Bb2 e6 7. 0-0 Be7 8. Ne5 Bxe2 9. Qxe2 0-0 10. d3 Ne8 11. Nxc6 bxc6 12. Nd2 Bf6 13. Bxf6 Qxf6 14. Nf3 Qe7 15. Qf2 f6 16. Qh4 Nd6 17. g4 a5 18. a4 Ra7 19. Rae1 e5 20. fxe5 fxe5 21. Qxe7 Rxe7 22. Re2 e4 23. Ne1 Rfe8 24. Ng2 Nf7 25. h3 Ng5 26. h4 Nf3+ 27. Kh1 Ne5 28. dxe4 Nxg4 29. exd5 cxd5 30. Rfe1 Re4 31. Kg1 d4 32. Kf1 dxe3 33. Kg1 c4 34. bxc4 Rxc4 35. Nxe3 Rce4 0-1

[Event "Leipzig VfB op 16th"]
[Site "Leipzig"]
[Date "2009.03.31"]
[Round "1"]
[White "Gleichmann, Matthias"]
[Black "Zulauff, Harri"]
[Result "1-0"]
[WhiteElo "2063"]
[BlackElo "1476"]
[PlyCount "49"]
[EventDate "2009.03.31"]
[EventType "swiss"]
[EventRounds "9"]
[EventCountry "GER"]
[SourceTitle "EXT 2010"]
[Source "ChessBase"]
[SourceDate "2010.11.25"]
[SourceVersion "1"]
[SourceVersionDate "2010.11.25"]
[SourceQuality "1"]

1. d4 Nf6 2. Nf3 e6 3. e3 d5 4. Bd3 c5 5. b3 Nc6 6. 0-0 Bd6 7. Bb2 0-0 8. Nbd2 Qc7 9. c4 cxd4 10. exd4 Ne7 11. Rc1 Qb8 12. c5 Bf4 13. g3 Bh6 14. Rb1 Nc6 15. a3 a5 16. Bc3 b5 17. b4 axb4 18. axb4 Nd7 19. Qe2 Ba6 20. Ra1 Re8 21. Rxa6 Rxa6 22. Bxb5 Ra7 23. Bxc6 Qc7 24. Ne5 Re7 25. Bxd7 1-0

[Event "T16-02 corr"]
[Site "TSC corr"]
[Date "2002.??.??"]
[Round "?"]
[White "Leisebein, Peter"]
[Black "Zulauff, Harri"]
[Result "1-0"]
[WhiteElo "2013"]
[BlackElo "1790"]
[PlyCount "41"]
[EventDate "2002.??.??"]
[EventType "tourn (corr)"]
[EventRounds "15"]
[SourceTitle "Corr 2004"]
[Source "ChessBase"]
[SourceDate "2003.04.28"]
[SourceVersion "3"]
[SourceVersionDate "2003.04.28"]
[SourceQuality "1"]

1. d4 d5 2. e4 e6 3. c4 dxc4 4. Bxc4 Nf6 5. e5 Nd5 6. Nc3 Nc6 7. Nf3 Be7 8. 0-0 0-0 9. a3 f6 10. Bd3 fxe5 11. dxe5 Nxc3 12. bxc3 Qe8 13. Be4 Na5 14. Ng5 Bxg5 15. Bxg5 Bd7 16. Qg4 Bc6 17. Bd3 Nb3 18. Rad1 Nc5 19. Bb1 Nd7 20. Qh4 h6 21. Bxh6 1-0

[Event "T8-02 corr"]
[Site "TSC corr"]
[Date "2002.??.??"]
[Round "?"]
[White "Leisebein, Peter"]
[Black "Zulauff, Harri"]
[Result "1-0"]
[WhiteElo "1730"]
[BlackElo "1700"]
[PlyCount "39"]
[EventDate "2002.??.??"]
[EventType "tourn (corr)"]
[EventRounds "21"]
[SourceTitle "Corr 2004"]
[Source "ChessBase"]
[SourceDate "2003.04.28"]
[SourceVersion "3"]
[SourceVersionDate "2003.04.28"]
[SourceQuality "1"]

1. d4 d5 2. e4 dxe4 3. Nc3 Nf6 4. f3 exf3 5. Nxf3 c5 6. d5 e6 7. Bb5+ Bd7 8. dxe6 fxe6 9. Qe2 a6 10. Bxd7+ Nbxd7 11. Bf4 Be7 12. 0-0-0 Qb6 13. Ng5 Nf8 14. Nce4 Nd5 15. Nxe6 Nxe6 16. Qh5+ g6 17. Qxd5 Nxf4 18. Qd7+ Kf8 19. Rhf1 g5 20. Nd6 1-0

[Event "T16-02 corr"]
[Site "TSC corr"]
[Date "2002.??.??"]
[Round "?"]
[White "Malmstroem, Jan"]
[Black "Zulauff, Harri"]
[Result "0-1"]
[WhiteElo "1694"]
[BlackElo "1790"]
[PlyCount "48"]
[EventDate "2002.??.??"]
[EventType "tourn (corr)"]
[EventRounds "15"]
[SourceTitle "Corr 2004"]
[Source "ChessBase"]
[SourceDate "2003.04.28"]
[SourceVersion "3"]
[SourceVersionDate "2003.04.28"]
[SourceQuality "1"]

1. e4 e5 2. f4 Bc5 3. Nf3 d6 4. Nc3 Bg4 5. Bc4 Nc6 6. Na4 exf4 7. Nxc5 dxc5 8. d3 Qf6 9. h3 Bh5 10. Bb5 Nge7 11. 0-0 0-0-0 12. Qe1 Bxf3 13. Rxf3 g5 14. Rf2 Qe5 15. Rb1 f5 16. Bd2 Nd4 17. exf5 Qf6 18. Bc3 Nexf5 19. b4 c6 20. Bc4 Rhe8 21. Qd1 cxb4 22. Rxb4 Qe7 23. Qg4 h5 24. Qxh5 Ng3 0-1

[Event "T16-02 corr"]
[Site "TSC corr"]
[Date "2002.??.??"]
[Round "?"]
[White "Milde, Lars"]
[Black "Zulauff, Harri"]
[Result "1/2-1/2"]
[WhiteElo "2043"]
[BlackElo "1790"]
[PlyCount "59"]
[EventDate "2002.??.??"]
[EventType "tourn (corr)"]
[EventRounds "15"]
[SourceTitle "Corr 2004"]
[Source "ChessBase"]
[SourceDate "2003.04.28"]
[SourceVersion "3"]
[SourceVersionDate "2003.04.28"]
[SourceQuality "1"]

1. e4 e5 2. Nf3 Nc6 3. Bb5 f5 4. Nc3 fxe4 5. Nxe4 d5 6. Nxe5 dxe4 7. Nxc6 Qg5 8. Qe2 Nf6 9. f4 Qxf4 10. Ne5+ c6 11. d4 Qh4+ 12. g3 Qh3 13. Bc4 Be6 14. Bg5 0-0-0 15. 0-0-0 Bd6 16. Qf1 Rhe8 17. Qxh3 Bxh3 18. Nf7 Rd7 19. Nxd6+ Rxd6 20. Rhe1 Nd5 21. Kd2 b5 22. Bf1 Bg4 23. Rc1 e3+ 24. Bxe3 Nxe3 25. Rxe3 Rxd4+ 26. Bd3 Red8 27. Re7 R8d7 28. Rxd7 Rxd7 29. a4 a6 30. axb5 1/2-1/2

[Event "T8-02 corr"]
[Site "TSC corr"]
[Date "2002.??.??"]
[Round "?"]
[White "Rushton, Darren"]
[Black "Zulauff, Harri"]
[Result "0-1"]
[WhiteElo "1730"]
[BlackElo "1700"]
[PlyCount "46"]
[EventDate "2002.??.??"]
[EventType "tourn (corr)"]
[EventRounds "21"]
[SourceTitle "Corr 2004"]
[Source "ChessBase"]
[SourceDate "2003.04.28"]
[SourceVersion "3"]
[SourceVersionDate "2003.04.28"]
[SourceQuality "1"]

1. Nc3 e5 2. Nf3 Nc6 3. d4 exd4 4. Nxd4 Nf6 5. Bg5 Bb4 6. Nxc6 bxc6 7. Qd4 Be7 8. e4 0-0 9. Bd3 d5 10. e5 Ng4 11. Bf4 f6 12. e6 Bxe6 13. h3 Ne5 14. Bxe5 fxe5 15. Qxe5 Rf6 16. 0-0 Bd6 17. Qd4 Rh6 18. Rae1 c5 19. Qa4 c4 20. Be2 Rxh3 21. gxh3 Qg5+ 22. Bg4 Bxg4 23. f4 Qh4 0-1

[Event "T16-02 corr"]
[Site "TSC corr"]
[Date "2002.??.??"]
[Round "?"]
[White "Wittal, Werner"]
[Black "Zulauff, Harri"]
[Result "1-0"]
[WhiteElo "1754"]
[BlackElo "1790"]
[PlyCount "77"]
[EventDate "2002.??.??"]
[EventType "tourn (corr)"]
[EventRounds "15"]
[SourceTitle "Corr 2004"]
[Source "ChessBase"]
[SourceDate "2003.04.28"]
[SourceVersion "3"]
[SourceVersionDate "2003.04.28"]
[SourceQuality "1"]

1. d4 e6 2. e4 d5 3. exd5 exd5 4. Qf3 c5 5. Bb5+ Nc6 6. Ne2 a6 7. Bxc6+ bxc6 8. 0-0 Nf6 9. Re1 Be7 10. dxc5 Bxc5 11. Nf4+ Be7 12. Qe3 Qd6 13. b3 d4 14. Qe2 Ra7 15. Nd3 c5 16. Ba3 Ng4 17. g3 Qh6 18. f3 Qe3+ 19. Qxe3 Nxe3 20. Bxc5 Rc7 21. Bxe7 Rxe7 22. Na3 h5 23. Kf2 Bf5 24. Nc5 Nxc2 25. Nxc2 Bxc2 26. Rac1 Bf5 27. Red1 0-0 28. Rxd4 a5 29. Re1 Rc7 30. Ne4 Bxe4 31. Rexe4 f5 32. Re2 Rfc8 33. Rd5 Rc5 34. Rxc5 Rxc5 35. Ke3 g6 36. Kd4 Rc6 37. f4 Rc1 38. a4 Kf7 39. Re5 1-0

[Event "T16-02 corr"]
[Site "TSC corr"]
[Date "2002.??.??"]
[Round "?"]
[White "Zulauff, Harri"]
[Black "Baer, Werner"]
[Result "1-0"]
[WhiteElo "1790"]
[BlackElo "1857"]
[PlyCount "155"]
[EventDate "2002.??.??"]
[EventType "tourn (corr)"]
[EventRounds "15"]
[SourceTitle "Corr 2004"]
[Source "ChessBase"]
[SourceDate "2003.04.28"]
[SourceVersion "3"]
[SourceVersionDate "2003.04.28"]
[SourceQuality "1"]

1. e4 e5 2. Nf3 Nc6 3. Bc4 Bc5 4. c3 Nf6 5. d3 d6 6. 0-0 Bb6 7. a4 a5 8. Be3 Bxe3 9. fxe3 Qe7 10. Nbd2 Bg4 11. Qe1 Bd7 12. Nh4 Rd8 13. Qg3 Nh5 14. Qf3 Nf6 15. Rf2 Be6 16. Nf5 Bxf5 17. Qxf5 Qd7 18. Qg5 Kf8 19. Raf1 h6 20. Qh4 Qe7 21. Qg3 Nb8 22. Nf3 Rh7 23. Nh4 Nbd7 24. Nf5 Qe8 25. Bb5 Qe6 26. Bxd7 Rxd7 27. Rf3 c6 28. c4 d5 29. exd5 cxd5 30. cxd5 Nxd5 31. Nh4 Nf6 32. Rf5 Re7 33. d4 exd4 34. exd4 Qb6 35. Qc3 Rc7 36. Rc5 Rxc5 37. dxc5 Qd8 38. Nf5 Ne4 39. Qe5 g6 40. Qxe4 gxf5 41. Rxf5 Rg7 42. Qxb7 Qd4+ 43. Rf2 Qxc5 44. Qb8+ Ke7 45. Qf4 Qb6 46. b4 Kf8 47. bxa5 Qb1+ 48. Rf1 Qb7 49. Qd6+ Kg8 50. Qd8+ Kh7 51. g3 Rg6 52. Qe8 Qa7+ 53. Kg2 Qb7+ 54. Kh3 Kg7 55. Qe5+ Kg8 56. Rf4 Rg5 57. Qe8+ Kg7 58. a6 Rh5+ 59. Kg4 Rg5+ 60. Kh4 Qd5 61. Qe2 Qd8 62. Kh3 Qd7+ 63. Kg2 Qc6+ 64. Qf3 Qxf3+ 65. Rxf3 Ra5 66. Ra3 Rxa6 67. Kf3 Ra5 68. Ke4 Kf6 69. Kd4 Ke6 70. Kc4 Kd6 71. Kb4 Re5 72. Rc3 Re2 73. h3 Rb2+ 74. Rb3 Rh2 75. g4 f5 76. gxf5 Rf2 77. Kb5 Kc7 78. Rc3+ 1-0

[Event "T16-04 corr"]
[Site "TSC corr"]
[Date "2002.??.??"]
[Round "?"]
[White "Zulauff, Harri"]
[Black "Herrchen, Ralf"]
[Result "1/2-1/2"]
[WhiteElo "1896"]
[BlackElo "1747"]
[PlyCount "59"]
[EventDate "2002.??.??"]
[EventType "tourn (corr)"]
[EventRounds "14"]
[SourceTitle "Corr 2004"]
[Source "ChessBase"]
[SourceDate "2003.04.28"]
[SourceVersion "3"]
[SourceVersionDate "2003.04.28"]
[SourceQuality "1"]

1. e4 e6 2. d4 d5 3. Nc3 dxe4 4. Nxe4 Nd7 5. Nf3 Ngf6 6. Nxf6+ Nxf6 7. Bd3 c5 8. 0-0 cxd4 9. Nxd4 Bd6 10. Bg5 Bd7 11. Qe2 h6 12. Bh4 Qc7 13. h3 0-0-0 14. Qf3 Bh2+ 15. Kh1 Be5 16. c3 Bxd4 17. cxd4 Bc6 18. d5 Rxd5 19. Rfc1 Rh5 20. Be4 Nxe4 21. Rxc6 Qxc6 22. Qxh5 g5 23. f3 gxh4 24. fxe4 Qxe4 25. Qxf7 Kb8 26. Rf1 Rc8 27. Qf4+ Qxf4 28. Rxf4 Rc2 29. Rxh4 Kc7 30. Rxh6 1/2-1/2

[Event "T16-03 corr"]
[Site "TSC corr"]
[Date "2002.??.??"]
[Round "?"]
[White "Zulauff, Harri"]
[Black "Kuni, Richard"]
[Result "1/2-1/2"]
[WhiteElo "1918"]
[BlackElo "1808"]
[PlyCount "56"]
[EventDate "2002.??.??"]
[EventType "tourn (corr)"]
[EventRounds "14"]
[SourceTitle "Corr 2004"]
[Source "ChessBase"]
[SourceDate "2003.04.28"]
[SourceVersion "3"]
[SourceVersionDate "2003.04.28"]
[SourceQuality "1"]

1. e4 c5 2. c3 d5 3. exd5 Qxd5 4. d4 Nf6 5. Be3 cxd4 6. cxd4 e6 7. Nf3 Nc6 8. Nc3 Qd6 9. a3 Be7 10. Bc4 a6 11. 0-0 0-0 12. Ba2 b5 13. b4 Bb7 14. d5 exd5 15. Nxd5 Nxd5 16. Qxd5 Rad8 17. Qh5 Qg6 18. Qxg6 hxg6 19. Rad1 Bf6 20. Bb6 Rxd1 21. Rxd1 Rc8 22. h4 Ne5 23. Nxe5 Bxe5 24. Bc5 Bc6 25. g3 Bf6 26. f4 Rc7 27. Rd6 Be7 28. Rd2 Bf6 1/2-1/2

[Event "T16-02 corr"]
[Site "TSC corr"]
[Date "2002.??.??"]
[Round "?"]
[White "Zulauff, Harri"]
[Black "Puglisi, Rosario"]
[Result "1-0"]
[WhiteElo "1790"]
[BlackElo "1700"]
[PlyCount "29"]
[EventDate "2002.??.??"]
[EventType "tourn (corr)"]
[EventRounds "15"]
[SourceTitle "Corr 2004"]
[Source "ChessBase"]
[SourceDate "2003.04.28"]
[SourceVersion "3"]
[SourceVersionDate "2003.04.28"]
[SourceQuality "1"]

1. e4 c5 2. Nf3 d6 3. d4 cxd4 4. Nxd4 Nf6 5. Nc3 a6 6. Bg5 e6 7. f4 Be7 8. Qf3 Qc7 9. 0-0-0 Nbd7 10. g4 b5 11. Bxf6 Nxf6 12. g5 Nd7 13. f5 Bxg5+ 14. Kb1 e5 15. Nd5 1-0

[Event "T8-02 corr"]
[Site "TSC corr"]
[Date "2002.??.??"]
[Round "?"]
[White "Zulauff, Harri"]
[Black "Woelfelschneider, Peter"]
[Result "1-0"]
[WhiteElo "1700"]
[BlackElo "1700"]
[PlyCount "65"]
[EventDate "2002.??.??"]
[EventType "tourn (corr)"]
[EventRounds "21"]
[SourceTitle "Corr 2004"]
[Source "ChessBase"]
[SourceDate "2003.04.28"]
[SourceVersion "3"]
[SourceVersionDate "2003.04.28"]
[SourceQuality "1"]

1. e4 c5 2. c3 d5 3. exd5 Qxd5 4. d4 Nf6 5. Nf3 e6 6. Be3 cxd4 7. cxd4 Nc6 8. Nc3 Qd6 9. a3 Be7 10. Bd3 0-0 11. 0-0 Rd8 12. Qe2 h6 13. Rac1 Bd7 14. Rfd1 Rac8 15. b4 a6 16. Ne4 Nxe4 17. Bxe4 f5 18. Bb1 f4 19. d5 Nxb4 20. dxe6 fxe3 21. Rxc8 Qxd1+ 22. Qxd1 Bxc8 23. Nd4 e2 24. Qxe2 Rxd4 25. axb4 Kf8 26. Bf5 Rd6 27. g3 b5 28. Qg4 Ke8 29. h4 Kd8 30. Qg6 h5 31. Qxg7 Bxe6 32. Qh8+ Kc7 33. Qxh5 1-0